000 00510nam a22001697a 4500
100 _aOrnek, O.
245 _aEffect of temperature on the stress softening and damping behavior of phenyl-vinyl-methyl-polysiloxane (PVMQ) elastomers
260 _bKautschuk Gummi Kunststoffe, 76(6): 2023. 51-55.
300 _bDecember
650 _aPVMQ elastomer
650 _aStress softening
650 _aDamping properties
700 _aBayrak, F.O
700 _aAksut, B.D
700 _aAnkara, M.S.
942 _cJS
999 _c75294
_d75294